LIBRARY & INFORMATION CENTRE, KCAET, TAVANUR

ONLINE PUBLIC ACCESS CATALOGUE (OPAC)

Modern social theories / (Record no. 2066)

MARC details
000 -LEADER
fixed length control field 00477cam a2200205ua 4500
041 ## - LANGUAGE CODE
Language code of text/sound track or separate title eng
082 ## - DEWEY DECIMAL CLASSIFICATION NUMBER
Classification number 301
Item number LOO/ME
100 ## - MAIN ENTRY--AUTHOR NAME
Personal name Loomis, .
245 ## - TITLE STATEMENT
Title Modern social theories /
250 ## - EDITION STATEMENT
Edition statement 1 /
260 ## - PUBLICATION, DISTRIBUTION, ETC. (IMPRINT)
Place of publication :
Name of publisher D.Van nostrant co. ,
Year of publication 1963.
300 ## - PHYSICAL DESCRIPTION
Number of Pages 719 ; .
700 1# - ADDED ENTRY--PERSONAL NAME
Personal name Charles, P .
700 1# - ADDED ENTRY--PERSONAL NAME
Personal name Loomis, Zora k .
942 ## - ADDED ENTRY ELEMENTS (KOHA)
Koha item type Books
Holdings
Withdrawn status Lost status Damaged status Home library Current library Date acquired Full call number Accession Number Koha item type
Withdrawn     KAUAET Sanskrit University 07/04/2012 301 10340 Books
free website counter